Countries Most Similar To Turkey - Statistics

General Stats
  • This quiz has been taken 511 times
  • The average score is 12 of 20
Answer Stats
Score Country Score % Correct
15 Greece 64.2
92%
3 Iran 67.8
89%
1 Azerbaijan 75.5
88%
2 Albania 70.2
81%
8 Bulgaria 65.8
76%
19 Syria 64
76%
4 North Macedonia 66.8
68%
6 Bosnia and Herzegovina 65.9
62%
17 Georgia 64.2
61%
20 Kazakhstan 63.6
61%
11 Romania 65.2
60%
9 Uzbekistan 65.4
52%
13 Italy 64.5
51%
12 Lebanon 65.1
51%
10 Kyrgyzstan 65.4
44%
14 Croatia 64.5
43%
5 Montenegro 66
43%
7 Tunisia 65.8
36%
18 Tajikistan 64.1
34%
16 Morocco 64.2
31%
No matching quizzes found
Score Distribution
Percent of People with Each Score
Percentile by Number Answered
Your Score History
You have not taken this quiz